000 01021nam a2200289 i 4500
001 83173
003 ES-MaACL
005 20230906174804.0
007 t|
008 041115s1975 sp ||||1| spa d
020 _a84-500-1246-5
080 _a338(100)"1945"
080 _a613.2:339
080 _a312
080 _a620.91
100 1 _aMesarovic, Mihajlo.
_9149619
245 1 3 _aLa humanidad ante la encrucijada
_b: Segundo informe al Club de Roma /
_cMihajlo Mesarovic y Eduard Pestel ; versión en castellano: Guillermo Piera Jiménez.
250 _a[Edifción oficial española, no venal, debidamente autorizada por los autores].
260 _a[Madrid] :
_bInstituto de Estudios de Planificación,
_c[1975]
300 _aXX, 253 p. ;
_c23 cm.
650 0 4 _aHistoria económica-
_y1918-1945.
_913404
650 0 4 _aAlimentos-
_xAbastecimiento.
_99731
650 0 4 _aPoblación-
_yS.XX.
_916142
650 0 4 _aRecursos energéticos.
_916697
700 1 _aPestel, Eduard.
_9149620
852 _aES-MaACL
_jL-2090
999 _c83173
_d83173